Halpusztulás a Búvár-tavon rendbe hoznák a vizet és környékét a bevásárlóközpont üzemeltetői /

Elmentve itt :
Bibliográfiai részletek
Szerző: Farkas Csaba
Dokumentumtípus: Cikk
Megjelent: 2006-04-26
Sorozat:Délmagyarország 96 No. 97
Kulcsszavak:Szeged, Környezetszennyezés halpusztulás Szeged-Búvár-tó
Online Access:http://dmarchiv.bibl.u-szeged.hu/136186
LEADER 00577nab a2200157 i 4500
001 delm136186
005 20191217104811.0
008 191217s2006 hu o 0|| hun d
040 |a SZTE Délmagyarország Archívum  |b hun 
041 |a hun 
100 1 |a Farkas Csaba 
245 1 0 |a Halpusztulás a Búvár-tavon   |h [elektronikus dokumentum] :  |b rendbe hoznák a vizet és környékét a bevásárlóközpont üzemeltetői /  |c  Farkas Csaba 
260 |c 2006-04-26 
300 |a 1, 5 
490 0 |a Délmagyarország  |v 96 No. 97 
695 |a Szeged, Környezetszennyezés halpusztulás Szeged-Búvár-tó